000 00702nam a2200205 a 4500
005 20230318063634.0
008 060524s1997 mx r 000 0 spa d
020 _a8474263425
035 _aUPN01000144695
049 _aCG
050 4 _aP120 S4.8
_bE3.8
245 0 3 _aLa educación lingüística :
_btrayectorias y mediaciones femeninas /
_cLuisa Spencer ... [et al.] ; tr. Belén Garí.
260 _aBarcelona, Esp. :
_bIcaria,
_c1997.
300 _a95 p.
440 0 _aCuadernos de pedagogía.
_pAntrazyt ;
_v114
650 0 _aLenguaje y lenguas
_xDiferencias sexuales
_923991
650 4 _aLenguaje y lenguas
_xEstudio y enseñanza
_96150
700 1 _aSpencer, Luisa,
_ecoaut.
905 _aLibro
999 _c116842
_d116842